000
00309nam a22001217a 4500
003
OSt
008
150301b xxu||||| |||| 00| 0 eng d
100
1
_a
Johl, Max G.
041
_a
eng
245
1
0
_a
United States Postage Stamps of the Twentieth Century, The
246
1
0
_a
Volume One 1901 - 1922
300
_a
0 pages
999
_c
1073
_d
1073